01437nam a22003377a 4500003000500000005001700005008004100022010001000063011001000073035001000083040000900093090001000102100004000112245025400152260003800406300002300444502010600467590003700573590004100610590004100651590004100692590004200733650003200775650005800807650002900865901000700894942001000901949004300911999001700954952012800971CHAP20220329135933.0971013s1980 r 00010 d a44361 a45333 a49472 cCHAP aTesis00aRamírez Malagón, Rafael.994118 aEvaluación del rendimiento en siembra de riego y temporal de 49 colectas de frijol (Phaseolus vulgaris L.) de Guanajuato, correlación entre nueve caracteres, y observación de tolerancia a virus (virus del masaico común (V.M.C.F.) y a roya... aIrapuato, Gto. :bEl autor,c1980 a107 h.b; gráfs. aTesis (Ing. Agr. Esp. en Fitotecnia) -- Universidad de Guanajuato. Escuela de Agronomía y Zootecnia aALEPHb10c20130110lUCH01h1313 aBATCH-UPDb10c20130110lUCH01h1904 aBATCH-UPDb10c20130410lUCH01h1232 aBATCH-UPDb10c20130914lUCH01h1441 aCONVERSIONb10c20130109lUCH01h132414aFrijolxRendimiento.94342914aFrijolxVariedades resistentes a enfermedades.94344714aRoya del frijol.9100386 aBK cTESIS bBCcTESd-111601eTS1h17399i49472si c44361d44361 00102local4051708TESISaBCbBCcPA_TESISd2019-12-31fTESISl0oTesisp-111601r2019-12-31 00:00:00w2019-12-31yTESIS